| 000 | 00991cam a2200289 4500 | ||
|---|---|---|---|
| 008 | 000000n1999 000 0 eng u | ||
| 020 | _a0727727621 | ||
| 035 | _a(Sirsi) u106520 | ||
| 050 | _a690.22 | ||
| 100 |
_aGibb, Alistair G.F. _xeditor |
||
| 110 |
_aEuropean Construction Institute _93313 |
||
| 245 | 4 | _aThe ECI guide to managing health in construction | |
| 260 |
_aLondon _bThomas Telford _c1999 |
||
| 300 | _axiv,170p. ; 24cm. | ||
| 350 | _a35.00 | ||
| 520 | _aA practical guide which treats occupational health as an integral part of project management and looks at the health hazards and actions required at each stage of the construction project. | ||
| 650 | _aHEALTH HAZARDS | ||
| 650 | _aCONSTRUCTION INDUSTRY | ||
| 650 | _aDISEASES | ||
| 650 | _aHEALTH RISKS | ||
| 650 | _aOCCUPATIONAL HEALTH | ||
| 650 | _aHEALTH MANAGEMENT | ||
| 690 |
_aHealth and safety _96244 |
||
| 700 |
_aGyi, Diane E. _xeditor |
||
| 700 |
_aThompson, Trevor _xeditor |
||
| 942 | _n0 | ||
| 999 |
_c100567 _d100567 |
||